Fußballogo + Markenlogo - Statistiken

Allgemein
  • Dieses Quiz wurde 84 mal gespielt
  • Das Durchschnittsergebnis liegt bei 12 aus 16
Antwortstatistiken
Bildquiz Antwort % Korrekt
Barcelona
97%
Paris
97%
Stuttgart
96%
Wolfsburg
95%
Mailand
92%
Berlin
91%
Turin
86%
Wien
86%
Florenz
81%
London
73%
München
73%
Atlanta
66%
Seoul
52%
Genf
46%
Tokio
44%
Stockholm
34%
Keine übereinstimmenden Quizze gefunden
Verteilung der Resultate
Anzahl Personen mit jedem Resultat
Perzentil nach korrekt beantworteten Fragen
Ihre Resultats-Entwicklung
Sie haben dieses Quiz noch nicht gespielt